[Event "Magnus Carlsen Invitational"]
[Site "chess24.com INT"]
[Date "2021.03.14"]
[Round "6.7"]
[White "Alan Pichot"]
[Black "Daniil Dubov"]
[Result "1/2-1/2"]
[EventDate "2021.03.13"]
[WhiteElo "2630"]
[BlackElo "2710"]
[PlyCount "168"]

1. e4 e5 2. Nf3 Nc6 3. Bc4 Bc5 4. c3 Nf6 5. d4 exd4 6. e5 d5 7. Bb5 Ne4 8. cxd4 Bb6 9. Nc3 O-O 10. Be3 Bg4 11. h3 Bh5 12. Qc2 f5 13. Nxd5 Ba5+ 14. Ke2 Nxd4+ 15. Bxd4 Nd2 16. Qc5 Ne4 17. Qc4 Bf7 18. Nf6+ Nxf6 19. e6 Qe7 20. Bc5 Qxe6+ 21. Qxe6 Bxe6 22. Bxf8 Kxf8 23. Rhc1 Bb6 24. Bc4 Bd7 25. Kf1 Ne4 26. Rc2 Re8 27. Rd1 Bc8 28. h4 h6 29. h5 Ke7 30. Ne5 c6 31. Bf7 Rf8 32. Bb3 Re8 33. Re2 Bc7 34. Ng6+ Kf6 35. Kg1 Bb6 36. g3 Kg5 37. Kg2 Rd8 38. Rxd8 Bxd8 39. f3 Nd6 40. Be6 Bf6 41. Nf4 Bxe6 42. Rxe6 Nb5 43. b3 a5 44. Re8 Nc3 45. Ra8 Nxa2 46. Rxa5 Nb4 47. Ra7 b5 48. Kh3 Nc2 49. Ne6+ Kxh5 50. Nxg7+ Kg6 51. Ne6 Bc3 52. Rc7 Nb4 53. Nd8 Be5 54. Rc8 Bf6 55. Nxc6 Nd3 56. Rb8 f4 57. Rxb5 fxg3 58. Kxg3 h5 59. Rd5 h4+ 60. Kh2 Nf4 61. Rd2 Bc3 62. Rc2 Be1 63. b4 Bg3+ 64. Kh1 h3 65. Nd4 Nd3 66. b5 Nf2+ 67. Rxf2 Bxf2 68. Ne2 Kg5 69. Kh2 Kh4 70. Nc3 Bd4 71. Nd5 Be5+ 72. Kh1 Bd6 73. Nf6 Be5 74. Ne4 Bc7 75. Nc3 Kg3 76. f4 Kg4 77. Nd5 Bb8 78. Kh2 Kf5 79. b6 Ke4 80. Nc7 Kxf4 81. Kxh3 Ke5 82. Kg4 Kd6 83. Na6 Kc6 84. Nxb8+ Kxb6 1/2-1/2

[Event "Magnus Carlsen Invitational"]
[Site "chess24.com INT"]
[Date "2021.03.14"]
[Round "7.2"]
[White "Daniil Dubov"]
[Black "Wesley So"]
[Result "0-1"]
[EventDate "2021.03.13"]
[WhiteElo "2710"]
[BlackElo "2770"]
[PlyCount "96"]

1. d4 Nf6 2. c4 e6 3. Nf3 d5 4. g3 Be7 5. Bg2 O-O 6. O-O dxc4 7. Na3 Bxa3 8. bxa3 Bd7 9. Ne5 Bc6 10. Nxc6 Nxc6 11. Bb2 Nd5 12. Rc1 Nb6 13. e3 Qe7 14. Qc2 Rfe8 15. Rfd1 Rad8 16. h4 h6 17. Rd2 Rd7 18. Qc3 Red8 19. Rcd1 f5 20. Ba1 a5 21. e4 fxe4 22. Bxe4 Qf6 23. Kg2 a4 24. Re1 Nxd4 25. Bxb7 c6 26. Red1 e5 27. Ba6 Kh8 28. Bxc4 Nxc4 29. Qxc4 Qf3+ 30. Kh3 Qf5+ 31. Kg2 Qf3+ 32. Kh3 Ne2 33. Rxd7 Rxd7 34. Rxd7 Nf4+ 35. Qxf4 exf4 36. Bxg7+ Kh7 37. Bd4+ Kg8 38. Kh2 fxg3+ 39. fxg3 Qe2+ 40. Kg1 Qd1+ 41. Kh2 c5 42. Rg7+ Kf8 43. Bf6 Qe2+ 44. Kg1 Qe1+ 45. Kg2 Qe4+ 46. Kh2 Qf5 47. Ba1 Qf2+ 48. Kh3 Qf1+ 0-1

[Event "Magnus Carlsen Invitational"]
[Site "chess24.com INT"]
[Date "2021.03.13"]
[Round "1.5"]
[White "Daniil Dubov"]
[Black "Nils Grandelius"]
[Result "1-0"]
[EventDate "2021.03.13"]
[WhiteElo "2710"]
[BlackElo "2670"]
[PlyCount "79"]

1. c4 g6 2. Nc3 c5 3. g3 Bg7 4. Bg2 Nc6 5. Nf3 e5 6. d3 Nge7 7. O-O O-O 8. Nd2 d6 9. a3 a6 10. Nd5 Rb8 11. Ne4 h6 12. b4 cxb4 13. Nxe7+ Nxe7 14. axb4 d5 15. cxd5 Nxd5 16. Qb3 Nc7 17. Qb1 Nb5 18. Bb2 Be6 19. Rc1 Bd5 20. Rc5 Kh8 21. Qf1 Re8 22. Rac1 Bc6 23. Nd2 Bxg2 24. Qxg2 Nd4 25. Bxd4 exd4 26. Qf3 Re7 27. h4 Qe8 28. h5 g5 29. Ne4 Qd7 30. Kg2 Rf8 31. g4 Qa4 32. Rc8 Qd7 33. Qf5 Qe6 34. Nf6 Qxf5 35. gxf5 Rxe2 36. Nd7 Rxc8 37. Rxc8+ Kh7 38. f6 Rb2 39. fxg7 Kxg7 40. Rc4 1-0

[Event "Magnus Carlsen Invitational"]
[Site "chess24.com INT"]
[Date "2021.03.13"]
[Round "2.5"]
[White "Shakhriyar Mamedyarov"]
[Black "Daniil Dubov"]
[Result "1/2-1/2"]
[EventDate "2021.03.13"]
[WhiteElo "2770"]
[BlackElo "2710"]
[PlyCount "137"]

1. e4 c5 2. c3 d5 3. exd5 Qxd5 4. d4 cxd4 5. cxd4 Nc6 6. Nf3 e5 7. Nc3 Bb4 8. Bd2 Bxc3 9. Bxc3 e4 10. Ne5 Nxe5 11. dxe5 Ne7 12. Qa4+ Bd7 13. Qa3 Qe6 14. Rd1 O-O 15. Be2 Nf5 16. O-O Bc6 17. Bg4 Qg6 18. Bxf5 Qxf5 19. Qc5 Rfd8 20. Qxa7 h5 21. Qe3 Rd3 22. Rxd3 exd3 23. f3 Rxa2 24. Rd1 Bb5 25. e6 fxe6 26. Qd4 Qg6 27. Re1 Ra4 28. Qd8+ Kh7 29. Re5 Ra1+ 30. Kf2 d2 31. Qxd2 Rf1+ 32. Ke3 Qh6+ 33. Kd4 Qxd2+ 34. Bxd2 Be8 35. Rxe6 Bf7 36. Re7 Kg6 37. Ke3 Rh1 38. h3 b5 39. Rb7 Rg1 40. g4 Rg3 41. gxh5+ Kf6 42. Bc3+ Ke6 43. Kf4 Rxh3 44. Kg4 Rh1 45. Rxb5 Rg1+ 46. Kf4 Rh1 47. Kg4 Rg1+ 48. Kf4 Rh1 49. Bxg7 Bxh5 50. Bc3 Kd6 51. Kg3 Bf7 52. f4 Be8 53. Ra5 Bd7 54. f5 Rf1 55. Kg4 Ke7 56. Bd4 Kf7 57. Kg5 Rd1 58. Rd5 Bc8 59. Rd8 Ba6 60. Rd7+ Ke8 61. Rd6 Bc4 62. Kf6 Bb3 63. Rb6 Bc2 64. Re6+ Kd7 65. Re7+ Kc6 66. Be5 Rf1 67. Rc7+ Kd5 68. Rxc2 Rxf5+ 69. Kxf5 1/2-1/2

[Event "Magnus Carlsen Invitational"]
[Site "chess24.com INT"]
[Date "2021.03.13"]
[Round "3.4"]
[White "Daniil Dubov"]
[Black "Ian Nepomniachtchi"]
[Result "1-0"]
[EventDate "2021.03.13"]
[WhiteElo "2710"]
[BlackElo "2789"]
[PlyCount "85"]

1. e4 g6 2. d4 Bg7 3. Nc3 d6 4. f4 Nf6 5. Nf3 O-O 6. Bd3 Bg4 7. h3 Bxf3 8. Qxf3 e5 9. dxe5 dxe5 10. f5 Nc6 11. Be3 Nd4 12. Qf2 b5 13. O-O b4 14. Ne2 c5 15. Ng3 Qc7 16. Bc4 Qc6 17. fxg6 hxg6 18. Bg5 Nh7 19. Be7 Bh6 20. Rad1 Bf4 21. Bxf8 Rxf8 22. Ne2 Nxe2+ 23. Qxe2 Ng5 24. Bd5 Qc8 25. h4 Ne6 26. c3 Kg7 27. Qf3 bxc3 28. bxc3 f5 29. Bc4 Rf6 30. g3 Bh6 31. exf5 gxf5 32. Rd6 e4 33. Qd1 Be3+ 34. Kh2 Nd4 35. Rxf6 Kxf6 36. cxd4 cxd4 37. Qh5 Qxc4 38. Rxf5+ Ke7 39. Qh7+ Kd6 40. Qg6+ Ke7 41. Re5+ Kd7 42. Qg7+ Kd8 43. Qe7+ 1-0

[Event "Magnus Carlsen Invitational"]
[Site "chess24.com INT"]
[Date "2021.03.13"]
[Round "4.6"]
[White "Sergey Karjakin"]
[Black "Daniil Dubov"]
[Result "1/2-1/2"]
[EventDate "2021.03.13"]
[WhiteElo "2757"]
[BlackElo "2710"]
[PlyCount "26"]

1. e4 c5 2. Nf3 Nc6 3. d4 cxd4 4. Nxd4 Nf6 5. Nc3 d6 6. Bg5 g6 7. Bb5 Bd7 8. Bxf6 exf6 9. O-O Bg7 10. Nde2 Be6 11. Nd4 Bd7 12. Nde2 Be6 13. Nd4 Bd7 1/2-1/2

[Event "Magnus Carlsen Invitational"]
[Site "chess24.com INT"]
[Date "2021.03.13"]
[Round "5.3"]
[White "Daniil Dubov"]
[Black "Teimour Radjabov"]
[Result "0-1"]
[EventDate "2021.03.13"]
[WhiteElo "2710"]
[BlackElo "2765"]
[PlyCount "140"]

1. d4 Nf6 2. c4 e6 3. Nf3 d5 4. g3 Be7 5. Bg2 O-O 6. O-O dxc4 7. Qc2 a6 8. Qxc4 b5 9. Qc2 Bb7 10. Bg5 Nbd7 11. Bxf6 Nxf6 12. Nbd2 Rc8 13. Nb3 c5 14. Nxc5 Bxf3 15. Bxf3 Qxd4 16. Nb3 Qxf2+ 17. Kxf2 Rxc2 18. Rab1 e5 19. Rfc1 Rxc1 20. Rxc1 e4 21. Bg2 Ng4+ 22. Kg1 Bg5 23. Rc6 Be3+ 24. Kf1 Nxh2+ 25. Ke1 f5 26. Bh3 Ng4 27. Kf1 Rd8 28. Bxg4 fxg4 29. Re6 Rf8+ 30. Kg2 Rf2+ 31. Kh1 Rxe2 32. Rxe4 Re1+ 33. Kg2 h5 34. Na5 Re2+ 35. Kh1 Kf7 36. Nb7 Kf6 37. Nd6 Re1+ 38. Kg2 Rg1+ 39. Kh2 Re1 40. Kg2 Bd2 41. a4 Rb1 42. axb5 axb5 43. Re2 Bc1 44. Ne4+ Kf5 45. Nd6+ Kf6 46. Ne4+ Kg6 47. Nc3 Rxb2 48. Rxb2 Bxb2 49. Nxb5 Be5 50. Na3 Kf5 51. Nc4 Bc7 52. Ne3+ Ke4 53. Nf1 Kd3 54. Nh2 Ke3 55. Nf1+ Ke2 56. Nh2 g5 57. Nf1 Kd3 58. Nh2 Ke4 59. Kf2 Kf5 60. Nf1 Be5 61. Kg2 Bb8 62. Kh1 Ke4 63. Kg2 h4 64. Nd2+ Kd3 65. gxh4 gxh4 66. Nf3 h3+ 67. Kf2 Bf4 68. Nh4 Ke4 69. Kf1 Bg5 70. Ng6 g3 0-1

[Event "Airthings Masters"]
[Site "chess24.com INT"]
[Date "2020.12.30"]
[Round "1.21"]
[White "Daniil Dubov"]
[Black "Magnus Carlsen"]
[Result "1-0"]
[EventDate "2020.12.29"]
[WhiteElo "2702"]
[BlackElo "2862"]
[PlyCount "83"]

1. d4 Nf6 2. c4 e6 3. Nf3 d5 4. g3 Bb4+ 5. Nbd2 O-O 6. Bg2 b6 7. O-O Bb7 8. Ne5 a5 9. Qc2 a4 10. Rd1 Bd6 11. cxd5 exd5 12. Ndc4 h6 13. Bf4 Re8 14. Rac1 Na6 15. a3 Bf8 16. Ne3 c5 17. Nf5 cxd4 18. Nc6 Qd7 19. Bh3 Kh8 20. Ne5 Rxe5 21. Bxe5 Ne4 22. Bxd4 Rc8 23. Qd3 Nac5 24. Qe3 Kh7 25. Bxc5 Nxc5 26. Qf3 d4 27. Rxd4 Qe8 28. Qe3 Qc6 29. f3 Re8 30. Qf2 g6 31. Ne3 Qf6 32. Ng4 Qg7 33. Rcd1 h5 34. Ne3 Nb3 35. R4d3 Qxb2 36. Rd7 Bc5 37. Rxf7+ Kh6 38. Rdd7 Qa1+ 39. Kg2 Bxe3 40. Rh7+ Kg5 41. Rxb7 Rf8 42. Qxe3+ 1-0

[Event "Airthings Masters"]
[Site "chess24.com INT"]
[Date "2020.12.30"]
[Round "1.22"]
[White "Magnus Carlsen"]
[Black "Daniil Dubov"]
[Result "1/2-1/2"]
[EventDate "2020.12.29"]
[WhiteElo "2862"]
[BlackElo "2702"]
[PlyCount "152"]

1. e4 e5 2. Nf3 Nc6 3. Nc3 Nf6 4. Bb5 Nd4 5. O-O Nxb5 6. Nxb5 c6 7. Nc3 d6 8. d4 Qc7 9. Bg5 Be7 10. a4 h6 11. Bh4 Nh5 12. Bxe7 Qxe7 13. a5 Nf4 14. Ne2 Nxe2+ 15. Qxe2 O-O 16. Rfd1 Bg4 17. h3 Bxf3 18. Qxf3 Rad8 19. a6 b6 20. Ra3 exd4 21. Rxd4 Qe5 22. Rad3 c5 23. Rd5 Qxb2 24. Qe2 Rfe8 25. e5 c4 26. Rd1 Rc8 27. Rxd6 Qxe5 28. Qxe5 Rxe5 29. Rd7 Rce8 30. Rxa7 Re1+ 31. Rxe1 Rxe1+ 32. Kh2 Ra1 33. Kg3 b5 34. Ra8+ Kh7 35. a7 Kg6 36. Kf4 b4 37. Rb8 Rxa7 38. Rxb4 Rc7 39. Ke3 Kf5 40. Kd4 Re7 41. Rxc4 Re2 42. g4+ Kg5 43. Rc5+ Kf6 44. Rf5+ Ke6 45. c4 g6 46. Rf3 Rd2+ 47. Kc3 Ra2 48. Kb3 Rd2 49. Kb4 f5 50. Re3+ Kd6 51. f3 Rb2+ 52. Rb3 Rh2 53. Rd3+ Kc6 54. gxf5 gxf5 55. Rd5 Rxh3 56. Rxf5 h5 57. Rf6+ Kd7 58. Kb5 h4 59. c5 Rh1 60. c6+ Ke7 61. Rh6 h3 62. Rh7+ Kd6 63. c7 Rc1 64. Kb6 h2 65. Rh6+ Kd7 66. Rxh2 Rb1+ 67. Kc5 Kxc7 68. Rd2 Rc1+ 69. Kb4 Rc6 70. Rd3 Rf6 71. Kc5 Rf8 72. Kc4 Kc6 73. Kc3 Rf5 74. Kd2 Rd5 75. Ke3 Rxd3+ 76. Kxd3 Kd5 1/2-1/2

[Event "Airthings Masters"]
[Site "chess24.com INT"]
[Date "2020.12.30"]
[Round "1.23"]
[White "Daniil Dubov"]
[Black "Magnus Carlsen"]
[Result "1-0"]
[EventDate "2020.12.29"]
[WhiteElo "2702"]
[BlackElo "2862"]
[PlyCount "77"]

1. d4 Nf6 2. c4 e6 3. Nf3 d5 4. g3 Bb4+ 5. Nbd2 dxc4 6. Bg2 a5 7. a3 Bxd2+ 8. Bxd2 b5 9. a4 c6 10. Qc2 Bb7 11. h4 Nbd7 12. h5 h6 13. Ne5 Nd5 14. Rh4 N7f6 15. Kf1 Qc7 16. Kg1 Nb4 17. Qc1 Rd8 18. axb5 cxb5 19. Bxb4 axb4 20. Ra7 Nd5 21. Rg4 Rg8 22. Qc2 c3 23. bxc3 bxc3 24. Ra3 Rc8 25. Nd3 Nf6 26. Bxb7 Qxb7 27. Nc5 Rxc5 28. dxc5 Nxg4 29. c6 Qxc6 30. Rxc3 Qb6 31. e3 Ke7 32. Rc6 Qd8 33. Qc5+ Kf6 34. Rd6 Qe7 35. Qd4+ Kg5 36. f3 f5 37. fxg4 Rc8 38. Qf4+ Kf6 39. Qxf5# 1-0

[Event "Airthings Masters"]
[Site "chess24.com INT"]
[Date "2020.12.29"]
[Round "1.11"]
[White "Magnus Carlsen"]
[Black "Daniil Dubov"]
[Result "1-0"]
[EventDate "2020.12.29"]
[WhiteElo "2862"]
[BlackElo "2702"]
[PlyCount "143"]

1. e4 e5 2. Nf3 Nc6 3. Bb5 a6 4. Ba4 Nf6 5. d3 b5 6. Bb3 Bc5 7. c3 d5 8. exd5 Nxd5 9. O-O O-O 10. Re1 Be6 11. Nbd2 Nf4 12. d4 exd4 13. Ne4 Bd6 14. cxd4 Bxb3 15. Qxb3 Re8 16. Bxf4 Bxf4 17. Rad1 Qd7 18. Nc5 Qf5 19. Nxa6 Bd6 20. Nc5 Rxe1+ 21. Rxe1 Nxd4 22. Nxd4 Qxc5 23. Nxb5 Be5 24. Nc3 Bxc3 25. bxc3 g6 26. a4 Rd8 27. Qc2 Kg7 28. g3 Rd6 29. Re3 Qd5 30. Qe4 Qxe4 31. Rxe4 Rc6 32. a5 Rxc3 33. Ra4 Rb3 34. a6 Rb8 35. Kf1 Kf6 36. Ke2 Ke6 37. Kd3 Kd5 38. Rd4+ Kc6 39. Rc4+ Kd6 40. Rf4 f5 41. Rd4+ Kc6 42. Rc4+ Kd6 43. Kd4 Ra8 44. Ra4 Kc6 45. Ra2 Kb6 46. Kd5 Rd8+ 47. Ke6 Ra8 48. Rb2+ Kxa6 49. Kd5 Re8 50. Kc6 Re6+ 51. Kxc7 f4 52. Kd7 Re1 53. g4 Rh1 54. Kc6 Ka5 55. Kc5 Ka4 56. Rb4+ Ka3 57. Rxf4 Rxh2 58. Rf7 Kb3 59. f4 Kc3 60. f5 gxf5 61. gxf5 Ra2 62. Kd5 Ra5+ 63. Ke4 Ra4+ 64. Ke5 h5 65. Rh7 h4 66. f6 Ra5+ 67. Ke6 Ra6+ 68. Kf5 Ra5+ 69. Kg6 Ra4 70. f7 Rg4+ 71. Kf5 Rg1 72. Rxh4 1-0

[Event "Airthings Masters"]
[Site "chess24.com INT"]
[Date "2020.12.29"]
[Round "1.12"]
[White "Daniil Dubov"]
[Black "Magnus Carlsen"]
[Result "1/2-1/2"]
[EventDate "2020.12.29"]
[WhiteElo "2702"]
[BlackElo "2862"]
[PlyCount "124"]

1. d4 Nf6 2. c4 e6 3. Nf3 d5 4. g3 dxc4 5. Bg2 Bb4+ 6. Nbd2 Bd7 7. O-O Bxd2 8. Bxd2 Bc6 9. Rc1 Bd5 10. Bg5 Nbd7 11. Ne5 Bxg2 12. Kxg2 Nxe5 13. dxe5 Qd5+ 14. Qxd5 Nxd5 15. Rxc4 h6 16. Bc1 O-O-O 17. Rg4 Rh7 18. h4 h5 19. Ra4 a6 20. Bg5 Rd7 21. Ra3 Rh8 22. Rc1 Nb4 23. Rf3 Nc6 24. Rc5 Rf8 25. Rfc3 Nd4 26. Be3 Nf5 27. Bg5 Nd4 28. Be3 c6 29. R5c4 Rfd8 30. Bg5 Rf8 31. Rd3 Nb5 32. Rxd7 Kxd7 33. a4 Nc7 34. Rd4+ Kc8 35. a5 Nd5 36. e4 Nc7 37. Kf3 Nb5 38. Rd1 Rh8 39. g4 hxg4+ 40. Kxg4 c5 41. Rc1 Nd4 42. Rxc5+ Kd7 43. h5 Nb3 44. Rc3 Nxa5 45. Rd3+ Kc8 46. f4 Nc6 47. Bh4 Kc7 48. Rd6 a5 49. Bg3 Re8 50. Kg5 b5 51. f5 a4 52. f6 Rg8 53. Rd3 b4 54. Bf4 Kb6 55. fxg7 Rxg7+ 56. Kf6 Rh7 57. h6 Kc5 58. Be3+ Kc4 59. Rd6 Kb5 60. Rd3 Kc4 61. Rd6 Kb5 62. Rd3 Kc4 1/2-1/2

[Event "Airthings Masters"]
[Site "chess24.com INT"]
[Date "2020.12.29"]
[Round "1.13"]
[White "Magnus Carlsen"]
[Black "Daniil Dubov"]
[Result "0-1"]
[EventDate "2020.12.29"]
[WhiteElo "2862"]
[BlackElo "2702"]
[PlyCount "76"]

1. Nf3 Nf6 2. c4 e6 3. Nc3 c5 4. e3 a6 5. d4 d5 6. cxd5 exd5 7. g3 Nc6 8. Bg2 c4 9. O-O Bb4 10. Ne5 O-O 11. Bd2 Re8 12. Nxc6 bxc6 13. b3 Bxc3 14. Bxc3 Ne4 15. Rc1 a5 16. bxc4 Ba6 17. f3 Nxc3 18. Rxc3 Bxc4 19. Rf2 Qg5 20. Qc1 h5 21. Bf1 Bxf1 22. Kxf1 Rab8 23. Rxc6 h4 24. Kg2 Rxe3 25. Rc8+ Rxc8 26. Qxc8+ Kh7 27. Qd7 f6 28. Qb5 Qf5 29. g4 h3+ 30. Kg3 Qe4 31. Qxa5 f5 32. gxf5 Qxf5 33. Qb5 Re6 34. Re2 Rg6+ 35. Kf2 Qf4 36. Qb1 Kh6 37. Qd3 Qxh2+ 38. Ke3 Re6+ 0-1

[Event "Airthings Masters"]
[Site "chess24.com INT"]
[Date "2020.12.29"]
[Round "1.14"]
[White "Daniil Dubov"]
[Black "Magnus Carlsen"]
[Result "1/2-1/2"]
[EventDate "2020.12.29"]
[WhiteElo "2702"]
[BlackElo "2862"]
[PlyCount "82"]

1. d4 Nf6 2. c4 e6 3. Nf3 d5 4. g3 Bb4+ 5. Nbd2 O-O 6. Bg2 b6 7. O-O Bb7 8. b3 c5 9. Bb2 cxd4 10. Nxd4 Nc6 11. a3 Be7 12. N4f3 Rc8 13. Rc1 Na5 14. Ne5 Nc6 15. Nd3 Ba6 16. Re1 h6 17. Nf4 dxc4 18. Nxc4 Qxd1 19. Rexd1 Rfd8 20. Nd3 Na5 21. Nxa5 bxa5 22. Rxc8 Rxc8 23. Bf3 Rc2 24. Bd4 Bxa3 25. Bxa7 Nd5 26. Nf4 Nxf4 27. Rd8+ Bf8 28. gxf4 Rc8 29. Rd7 Bb5 30. Rb7 Be8 31. Bb6 a4 32. bxa4 Bxa4 33. Ra7 Bc6 34. Bxc6 Rxc6 35. Be3 Bc5 36. Bxc5 Rxc5 37. Kg2 g5 38. Ra4 Kg7 39. fxg5 Rxg5+ 40. Kf3 Rf5+ 41. Kg3 Rg5+ 1/2-1/2

[Event "Airthings Masters"]
[Site "chess24.com INT"]
[Date "2020.12.28"]
[Round "9.4"]
[White "Ian Nepomniachtchi"]
[Black "Daniil Dubov"]
[Result "1-0"]
[EventDate "2020.12.26"]
[WhiteElo "2784"]
[BlackElo "2702"]
[PlyCount "75"]

1. d4 Nf6 2. c4 g6 3. Nc3 Bg7 4. e4 d6 5. Be2 O-O 6. Be3 Nc6 7. d5 Ne5 8. f4 Neg4 9. Bd2 Nh6 10. h3 e6 11. dxe6 Bxe6 12. g4 Re8 13. Nf3 Bd7 14. g5 Nxe4 15. gxh6 Bxh6 16. Nxe4 Rxe4 17. f5 Qf8 18. O-O Rae8 19. Bd3 Re3 20. Bxe3 Bxe3+ 21. Kg2 Bc6 22. Qe1 g5 23. Qg3 Bf4 24. Qg4 Re3 25. Rad1 Qg7 26. Rf2 Qh8 27. Qh5 Qg7 28. Kf1 Bg3 29. f6 Qxf6 30. Qxg5+ Qxg5 31. Nxg5 h6 32. Nxf7 Kg7 33. Nd8 Bxf2 34. Kxf2 Rf3+ 35. Ke2 Rxh3 36. Rf1 Rh2+ 37. Ke3 Rxb2 38. Ne6+ 1-0

[Event "Airthings Masters"]
[Site "chess24.com INT"]
[Date "2020.12.28"]
[Round "10.3"]
[White "Daniil Dubov"]
[Black "Levon Aronian"]
[Result "1/2-1/2"]
[EventDate "2020.12.26"]
[WhiteElo "2702"]
[BlackElo "2781"]
[PlyCount "83"]

1. d4 Nf6 2. c4 e6 3. Nf3 d5 4. g3 Bb4+ 5. Bd2 Be7 6. Bg2 c6 7. Qc2 b6 8. O-O O-O 9. Bf4 Ba6 10. cxd5 cxd5 11. Rc1 Nbd7 12. Nc3 Bb4 13. Bf1 Rc8 14. Qb3 Qe7 15. Qa4 Bc4 16. Nb5 Ne4 17. a3 Bxb5 18. Qxb5 Bd6 19. Be3 f5 20. Rxc8 Rxc8 21. Rc1 Rxc1 22. Bxc1 g5 23. Qc6 g4 24. Ne1 Nf8 25. Nd3 Ng6 26. Bh6 Kf7 27. h3 Nf6 28. Bg5 h5 29. hxg4 hxg4 30. e3 Qc7 31. Qxc7+ Bxc7 32. Bxf6 Kxf6 33. Be2 Bd6 34. Kf1 Nh8 35. Nc1 Nf7 36. Na2 a5 37. Nc3 Ke7 38. Ke1 Bc7 39. Nb5 Bb8 40. Kd2 Nd6 41. Nxd6 Kxd6 42. Bb5 1/2-1/2

[Event "Airthings Masters"]
[Site "chess24.com INT"]
[Date "2020.12.28"]
[Round "11.5"]
[White "Wesley So"]
[Black "Daniil Dubov"]
[Result "1-0"]
[EventDate "2020.12.26"]
[WhiteElo "2770"]
[BlackElo "2702"]
[PlyCount "69"]

1. e4 e5 2. Nf3 Nc6 3. Bb5 a6 4. Ba4 Nf6 5. O-O b5 6. Bb3 Bc5 7. a4 Rb8 8. c3 d6 9. d4 Bb6 10. axb5 axb5 11. Na3 O-O 12. Nxb5 Bg4 13. Re1 Bxf3 14. gxf3 Nh5 15. Kh1 Qf6 16. Be3 exd4 17. cxd4 Ba5 18. Rg1 Rxb5 19. Ba4 Rxb2 20. Bxc6 Bb6 21. Rg4 g6 22. f4 Rb4 23. Ra4 Rxa4 24. Qxa4 Ng7 25. Bd5 Kh8 26. h3 Qe7 27. f5 gxf5 28. exf5 Nxf5 29. Bg5 f6 30. Re4 Qg7 31. Re8 Ba7 32. Qd7 h6 33. Qc8 Rxe8 34. Qxe8+ Kh7 35. Bxf6 1-0

[Event "Airthings Masters"]
[Site "chess24.com INT"]
[Date "2020.12.27"]
[Round "5.2"]
[White "Magnus Carlsen"]
[Black "Daniil Dubov"]
[Result "1-0"]
[EventDate "2020.12.26"]
[WhiteElo "2862"]
[BlackElo "2702"]
[PlyCount "115"]

1. e4 c5 2. Nf3 Nc6 3. Bb5 g6 4. O-O Bg7 5. Bxc6 bxc6 6. Re1 Nh6 7. c3 O-O 8. d4 cxd4 9. cxd4 d5 10. e5 f6 11. h3 fxe5 12. dxe5 c5 13. b4 cxb4 14. a3 d4 15. axb4 Bb7 16. Nbd2 a5 17. Rxa5 Rxa5 18. bxa5 Qxa5 19. Nxd4 Nf5 20. N4f3 Qd5 21. Bb2 Bh6 22. e6 Rd8 23. Qe2 Qd3 24. Qxd3 Rxd3 25. Ne4 Bxe4 26. Rxe4 Bg7 27. Be5 Bxe5 28. Nxe5 Rd1+ 29. Kh2 Kg7 30. g4 Nd6 31. Re3 g5 32. Kg2 h6 33. Nc6 Kf6 34. Rf3+ Kxe6 35. Re3+ Kf6 36. Nxe7 Nc4 37. Re4 Nd6 38. Re2 Rd3 39. Nc6 Nf7 40. Re3 Rd7 41. Ra3 Nh8 42. Nb8 Rb7 43. Ra6+ Kg7 44. Nc6 Ng6 45. Nd4 Nh4+ 46. Kg3 Rb1 47. f4 Rg1+ 48. Kf2 Rg2+ 49. Kf1 Rd2 50. Ne6+ Kf7 51. fxg5 Nf3 52. g6+ Ke7 53. Ra3 Nh2+ 54. Ke1 Rd6 55. Nf4 Kf6 56. Ke2 Rd7 57. Ra6+ Ke5 58. Nh5 1-0

[Event "Airthings Masters"]
[Site "chess24.com INT"]
[Date "2020.12.27"]
[Round "6.5"]
[White "Daniil Dubov"]
[Black "Anish Giri"]
[Result "1-0"]
[EventDate "2020.12.26"]
[WhiteElo "2702"]
[BlackElo "2764"]
[PlyCount "83"]

1. e4 e5 2. Nf3 Nc6 3. Bb5 Nf6 4. O-O Nxe4 5. d4 Nd6 6. dxe5 Nxb5 7. a4 Nbd4 8. Nxd4 d5 9. c3 Be7 10. f4 O-O 11. Be3 f6 12. Nxc6 bxc6 13. Nd2 Ba6 14. Rf3 fxe5 15. fxe5 Qd7 16. Nb3 Rxf3 17. Qxf3 Rf8 18. Qg3 Qf5 19. h3 Qc2 20. Bc5 Qxb3 21. Bxe7 Rf7 22. Bc5 Bc8 23. Qg5 h5 24. Qd8+ Kh7 25. Qxc8 Qxb2 26. Rf1 Rxf1+ 27. Kxf1 Qc1+ 28. Kf2 Qd2+ 29. Kg1 Qe1+ 30. Kh2 Qxe5+ 31. Kh1 Qxc3 32. Qf5+ Kg8 33. Bg1 a5 34. Qxh5 Qc4 35. Qe8+ Kh7 36. Qe5 c5 37. Qxc7 d4 38. Qxa5 Qc1 39. Qd8 Qc3 40. a5 d3 41. a6 d2 42. a7 1-0

[Event "Airthings Masters"]
[Site "chess24.com INT"]
[Date "2020.12.27"]
[Round "7.3"]
[White "Alexander Grischuk"]
[Black "Daniil Dubov"]
[Result "1/2-1/2"]
[EventDate "2020.12.26"]
[WhiteElo "2777"]
[BlackElo "2702"]
[PlyCount "93"]

1. Nf3 Nf6 2. g3 g6 3. c4 b6 4. Bg2 Bb7 5. d4 Bg7 6. O-O O-O 7. d5 Na6 8. Nc3 Nc5 9. Nd4 e5 10. Nb3 d6 11. e4 Bc8 12. Bg5 h6 13. Bxf6 Qxf6 14. Nxc5 bxc5 15. a3 a5 16. Nb5 Qd8 17. a4 f5 18. exf5 gxf5 19. Qh5 Bd7 20. Rae1 Be8 21. Qe2 h5 22. h4 Qe7 23. Kh2 Bf6 24. Bh3 Bg6 25. Qd2 Qg7 26. b3 Kh8 27. Rg1 Rg8 28. Rg2 Qh7 29. Reg1 Rg7 30. Rf1 Re7 31. Re1 Bg7 32. Rgg1 Bf6 33. Rg2 Qg7 34. Rgg1 e4 35. Ref1 Be5 36. f4 Bf6 37. Rg2 Qf8 38. Re1 Rg7 39. Re3 Qf7 40. Re1 Qe8 41. Ree2 Re7 42. Re3 Kh7 43. Re1 Qd7 44. Rge2 Qe8 45. Rg2 Qd7 46. Rge2 Qe8 47. Rg2 1/2-1/2

[Event "Airthings Masters"]
[Site "chess24.com INT"]
[Date "2020.12.26"]
[Round "1.2"]
[White "Daniil Dubov"]
[Black "Teimour Radjabov"]
[Result "1/2-1/2"]
[EventDate "2020.12.26"]
[WhiteElo "2702"]
[BlackElo "2765"]
[PlyCount "72"]

1. d4 Nf6 2. Nf3 d5 3. c4 e6 4. g3 Be7 5. Bg2 O-O 6. Qc2 c5 7. dxc5 Qa5+ 8. Nc3 dxc4 9. O-O Qxc5 10. Bg5 Nc6 11. Bxf6 Bxf6 12. Ne4 Qf5 13. Rfd1 Bxb2 14. Qxb2 Qxe4 15. Rac1 e5 16. Nd4 Qg6 17. Nxc6 bxc6 18. Rxc4 Be6 19. Rxc6 Rab8 20. Qxe5 Rb1 21. Rcc1 Rxc1 22. Rxc1 Bxa2 23. Qa5 Be6 24. Qxa7 Qg5 25. f4 Qb5 26. e4 g6 27. h4 Rd8 28. f5 gxf5 29. Qe7 Qb6+ 30. Kh2 fxe4 31. Qg5+ Kf8 32. Re1 Rd4 33. Qf6 Kg8 34. Qg5+ Kf8 35. Qf6 Kg8 36. Qg5+ Kf8 1/2-1/2

[Event "Airthings Masters"]
[Site "chess24.com INT"]
[Date "2020.12.26"]
[Round "2.6"]
[White "Pentala Harikrishna"]
[Black "Daniil Dubov"]
[Result "1/2-1/2"]
[EventDate "2020.12.26"]
[WhiteElo "2732"]
[BlackElo "2702"]
[PlyCount "77"]

1. e4 c5 2. Nf3 Nc6 3. d4 cxd4 4. Nxd4 Nf6 5. Nc3 e5 6. Nf5 d5 7. exd5 Bxf5 8. dxc6 bxc6 9. Qf3 Qd7 10. Bg5 Be7 11. Rd1 Qe6 12. Bc4 Qxc4 13. Qxf5 O-O 14. Bxf6 Bxf6 15. Qe4 Qe6 16. O-O Rfd8 17. b3 Be7 18. Rxd8+ Rxd8 19. Rd1 Rxd1+ 20. Nxd1 f5 21. Qe2 e4 22. g3 g6 23. Ne3 Kg7 24. Qd2 Bf6 25. h4 Kf7 26. Kg2 h5 27. a4 Be5 28. Qa5 Qe7 29. Qa6 Qd7 30. Qc4+ Kg7 31. Kf1 Qd2 32. Qxc6 Bxg3 33. fxg3 Qxe3 34. Qc7+ Kf6 35. Qd6+ Kf7 36. Qd7+ Kf6 37. Qd6+ Kf7 38. Qd7+ Kf6 39. Qd6+ 1/2-1/2

[Event "Airthings Masters"]
[Site "chess24.com INT"]
[Date "2020.12.26"]
[Round "4.6"]
[White "Daniil Dubov"]
[Black "David Anton Guijarro"]
[Result "1-0"]
[EventDate "2020.12.26"]
[WhiteElo "2702"]
[BlackElo "2675"]
[PlyCount "87"]

1. d4 Nf6 2. c4 e6 3. Nf3 d5 4. g3 dxc4 5. Bg2 c6 6. O-O b5 7. Ne5 Bb7 8. Nc3 a6 9. b3 cxb3 10. axb3 Be7 11. Bb2 O-O 12. Ne4 Nxe4 13. Bxe4 a5 14. Qc2 h6 15. Rfc1 Bf6 16. Ng4 Bg5 17. f4 f5 18. d5 fxe4 19. dxe6 Bf6 20. Nxf6+ gxf6 21. Qxe4 Qe7 22. f5 Na6 23. Rxa5 h5 24. Qf3 Qh7 25. Rd1 Rad8 26. Raa1 Qh6 27. Kf2 Rd5 28. Rxd5 cxd5 29. Ra5 d4 30. Qxb7 Qe3+ 31. Kf1 d3 32. Qf3 Qd2 33. Rxa6 Qxb2 34. Qxd3 Rc8 35. e7 Re8 36. Re6 Kf7 37. Qf3 Qc1+ 38. Kg2 Qh6 39. Qd5 Kg7 40. Qxb5 Kf7 41. Qc4 Rxe7 42. Re4+ Ke8 43. Qg8+ Kd7 44. Rd4+ 1-0